MESTSKÁ KNIŽNICA GIRALTOVCE  - online katalóg 

Operácia Overlord (Record no. 23296)

000 -NÁVESTIE
fixed length control field 01006nam a2200289 a 4500
001 - EVIDENČNÉ ČÍSLO ZÁZNAMU - Kontrolné číslo
control field vtls009078272
005 - DÁTUM A ČAS POSLEDNEJ TRANSAKCIE
control field 20220823091836.0
008 - ÚDAJE S PEVNOU DĹŽKOU – VŠEOBECNÉ INFORMÁCIE
fixed length control field 180405s2005 xo slo d
020 ## - MEDZINÁRODNÉ ŠTANDARDNÉ ČÍSLO KNIHY (ISBN)
Medzinárodné štandardné číslo knihy (ISBN) 807360020X
Qualifying information (viaz.)
Údaje o dostupnosti 350.00
035 ## - Iný štandardný identifikátor
Iný štandardný identifikátor PPPK72564
040 ## - ZDROJ KATALOGIZÁCIE
Pôvodná katalogizujúca agentúra PPPK
Jazyk katalogizácie slo
Prepisujúca agentúra PPPK
041 1# - KÓD JAZYKA
Kód jazyka textu/zvukovej stopy alebo samostatných nápisov slo
Kód jazyka originálu a/alebo sprostredkujúcich prekladov textu eng
044 ## - KÓD KRAJINY VYDAVATEĽA/PRODUCENTA
Kód krajiny MARC xo
Kód krajiny ISO SK
080 ## - ČÍSLO MEDZINÁRODNÉHO DESATINNÉHO TRIEDENIA (MDT)
Číslo Medzinárodného desatinného triedenia (MDT) 94(100)"1939/1945"
080 ## - ČÍSLO MEDZINÁRODNÉHO DESATINNÉHO TRIEDENIA (MDT)
Číslo Medzinárodného desatinného triedenia (MDT) 355.48(44)
100 1# - OSOBNÉ MENÁ – VŠEOBECNÉ INFORMÁCIE
Osobné meno Fowler, Will
-- 3286
245 1# - NÁZOV
Názov Operácia Overlord
Zvyšok názvu vylodenie v Normandii: prvých 24 hodín
Údaj o zodpovednosti atď. Will Fowler ; [z anglického originálu prel. Pavol Kršák]
250 ## - ÚDAJ O PORADÍ VYDANIA
Údaj o poradí vydania 1. dopl. a upr. vyd.
260 ## - VYDAVATEĽSKÉ ÚDAJE, DISTRIBÚCIA ATĎ.
Miesto publikovania, distribúcie atď. Praha
Názov vydavateľa, distibútora atď. Ottovo nakladatelství
Dátum publikovania, distribúcie atď. 2005
300 ## - FYZICKÝ POPIS
Rozsah 193 s. viaz.
650 07 - PRIDANÝ VSTUP – PREDMET – TEMATICKÉ HESLO
Tematické heslo alebo geografický názov ako vstupný prvok druhá svetová vojna (1939-1945)
Zdroj hesla alebo termínu PPPK
-- 1735
650 07 - PRIDANÝ VSTUP – PREDMET – TEMATICKÉ HESLO
Tematické heslo alebo geografický názov ako vstupný prvok invázia v Normandii (1944 : Francúzsko)
Zdroj hesla alebo termínu SNKPH
-- 3287
655 #7 - INDEXAČNÝ TERMÍN – ŽÁNER/FORMA
Údaje o žánri/forme alebo termín, ktorý je prvok fazety monografie
Zdroj termínu PPPK
-- 1661
700 1# - PRIDANÝ VSTUP – OSOBNÉ MENO
Osobné meno Churchill, Winston,
Tituly a iné slová súvisiace s menom Sir,
Dátumy súvisiace s menom 1874-1965
Kód roly aut
-- 3288
700 1# - PRIDANÝ VSTUP – OSOBNÉ MENO
Osobné meno Kršák, Pavol,
Dátumy súvisiace s menom 1932-1993
Kód roly trl
-- 3282
Holdings
Stav stiahnutia (Blokovanie) (Withrawn status) Stav straty Zdroj klasifikácie pre skladovanie Stav poškodenia (Damaged status) Nie pre výpožičky (Not for loan) Spôsob nadobudnutia (Collection code) Trvalé umiestnenie Aktuálne umiestnenie Dátum nadobudnutia Inventárne číslo (prírastkové číslo) Full call number Čiarový kód Dátum posledného výskytu Cena s účinnosťou od Typ jednotky Koha
          Dar Mestská knižnica Giraltovce Mestská knižnica Giraltovce 2022-08-23 21629 S1533 S1533 2022-08-23 2022-08-23 Odborná literatúra pre dospelých

Powered by Koha